Effect of crop residues/litter and natural flora in rubber plantations on soil pH and content of cations (Record no. 74795)

MARC details
000 -LEADER
fixed length control field 01918nam a22001817a 4500
100 ## - MAIN ENTRY--AUTHOR NAME
Personal name Jessy, M.D
245 ## - TITLE STATEMENT
Title Effect of crop residues/litter and natural flora in rubber plantations on soil pH and content of cations
260 ## - PUBLICATION, DISTRIBUTION, ETC. (IMPRINT)
Name of publisher Rubber Science, 35(1): 88-96.
Year of publication 2022
520 ## - SUMMARY, ETC.
Summary, etc Despite the increasing concerns about soil degradation and environmental sustainability of farming systems, very little efforts were taken so far to understand or exploit the inherent resilience of natural processes to sustain ecosystems. An incubation experiment was conducted in the laboratory of Rubber Research Institute of India during 2017-18 to study the effect of recycling various plant materials on soil properties. Residues/ litter of intercrops and natural flora grown in rubber plantations were incorporated into the soil and soil pH and available cations were determined after 90 days. Nutrient content of plant materials recycled back to the soil varied considerably. Irrespective of the type of vegetation, incorporation of residues/litter increased soil pH, though the magnitude of increase varied. More than ten fold increase in potassium content was observed in soil after incorporating with litter of broad leaved weeds and banana residues. Leaf litter from cocoa and coffee increased soil calcium (Ca) status significantly, whereas soft weed litter improved soil magnesium (Mg) status significantly in all the soils. The results showed the advantages of retaining vegetation, either intercrops or weeds in improving/sustaining soil fertility status and the need for making attempts for exploiting the ecological advantages of soft weeds and crop diversity in improving soil pH and content of cations in soils.
650 ## - SUBJECT ADDED ENTRY--TOPICAL TERM
Topical Term Cover crop
650 ## - SUBJECT ADDED ENTRY--TOPICAL TERM
Topical Term Littet
650 ## - SUBJECT ADDED ENTRY--TOPICAL TERM
Topical Term Natural flora
650 ## - SUBJECT ADDED ENTRY--TOPICAL TERM
Topical Term Residues
650 ## - SUBJECT ADDED ENTRY--TOPICAL TERM
Topical Term Rubber plantation
700 ## - ADDED ENTRY--PERSONAL NAME
Personal name Syamal, V.K
700 ## - ADDED ENTRY--PERSONAL NAME
Personal name Philip, A
942 ## - ADDED ENTRY ELEMENTS (KOHA)
Koha item type Journals
Holdings
Withdrawn status Lost status Damaged status Not for loan Home library Current library Date acquired Koha item type
        RRII Library RRII Library 28/09/2022 Journals